000 00343nam a2200133Ia 4500
005 20260328104335.0
008 260328s9999||||xx |||||||||||||| ||und||
100 _aPérez, Fernando
245 0 _aBresciani, Valdés, Castillo, Huidobro /
_cFernando Pérez
260 _bARQ
300 _a149 p.
650 _aEDAD Contemporánea
942 _cBK
999 _c11864
_d11864